Bridge Engineering (Record no. 216103)

MARC details
000 -LEADER
fixed length control field 00523nam a22001817a 4500
008 - FIXED-LENGTH DATA ELEMENTS--GENERAL INFORMATION
fixed length control field 250916b |||||||| |||| 00| 0 eng d
020 ## - INTERNATIONAL STANDARD BOOK NUMBER
International Standard Book Number 9798887153377
050 ## - LIBRARY OF CONGRESS CALL NUMBER
Classification number TG 305 .B55 2024
Item number C.1
100 ## - MAIN ENTRY--PERSONAL NAME
Personal name Billington, Flint N.
245 ## - TITLE STATEMENT
Title Bridge Engineering
250 ## - EDITION STATEMENT
Edition statement First Edition
260 ## - PUBLICATION, DISTRIBUTION, ETC.
Place of publication, distribution, etc. Dublin, OH
Name of publisher, distributor, etc. Oryson Press
Date of publication, distribution, etc. 2024
300 ## - PHYSICAL DESCRIPTION
Extent xi, 278p.:ill.
500 ## - GENERAL NOTE
General note Includes index
650 ## - SUBJECT ADDED ENTRY
Topical term or geographic name entry element 1. Bridges - Design and Construction. 2. Structural engineering.
942 ## - ADDED ENTRY ELEMENTS (KOHA)
Source of classification or shelving scheme Library of Congress Classification
Koha item type Long Loan Book
Holdings
Withdrawn status Lost status Source of classification or shelving scheme Damaged status Not for loan Collection Home library Current library Date acquired Inventory number Total checkouts Full call number Barcode Date last seen Copy number Price effective from Koha item type
    Library of Congress Classification     Science & Technology Kisii University Library Kisii University Library 09/16/2025 109605   TG 305 .B55 2024 000000024753 09/16/2025 C.1 09/16/2025 Long Loan Book
    Library of Congress Classification     Science & Technology Kisii University Library Kisii University Library 09/16/2025 109606   TG 305 .B55 2024 000000024752 09/16/2025 C.2 09/16/2025 Long Loan Book
    Library of Congress Classification     Science & Technology Kisii University Library Kisii University Library 09/16/2025 109607   TG 305 .B55 2024 000000024751 09/16/2025 C.3 09/16/2025 Long Loan Book
    Library of Congress Classification     Science & Technology Kisii University Library Kisii University Library 09/16/2025 109608   TG 305 .B55 2024 000000024750 09/16/2025 C.4 09/16/2025 Long Loan Book